00398nam a2200133 a 450000500170000000800410001702000150005805000240007310000180009724500380011526000440015330000070019765000600020420140414132053.0121029s19uu xx 00 eng d a9831872266 aTR 372.4bM214 2004 aMah, May S.M. aWhat does Charlie the Chimp see?. aMalaysia :bRhythm Pub. Co. SDN,c2004. a24 aReading-xphonics-xconsonant digraphs-xintial sounds.